THOUGHTS ON WISDOM THOUGHTS AND REFLECTI (Record no. 17366)
[ view plain ]
| 000 -LEADER | |
|---|---|
| fixed length control field | 00332nam a2200133Ia 4500 |
| 008 - FIXED-LENGTH DATA ELEMENTS--GENERAL INFORMATION | |
| fixed length control field | 240624s9999 xx 000 0 und d |
| 041 ## - LANGUAGE CODE | |
| Language code of text/sound track or separate title | eng |
| 082 ## - DEWEY DECIMAL CLASSIFICATION NUMBER | |
| Classification number | 823 FOR |
| 100 ## - MAIN ENTRY--PERSONAL NAME | |
| Personal name | FORBES MAGAZINE |
| 245 ## - TITLE STATEMENT | |
| Title | THOUGHTS ON WISDOM THOUGHTS AND REFLECTI |
| 260 ## - PUBLICATION, DISTRIBUTION, ETC. | |
| Date of publication, distribution, etc. | 1997 |
| Place of publication, distribution, etc. | Chicago |
| Name of publisher, distributor, etc. | Triumph Books |
| 300 ## - PHYSICAL DESCRIPTION | |
| Extent | 152 : p. |
| 365 ## - TRADE PRICE | |
| Currency code | |
| Price amount | 15 |
| Withdrawn status | Lost status | Damaged status | Not for loan | Home library | Current library | Shelving location | Date acquired | Source of acquisition | Cost, normal purchase price | Total Checkouts | Full call number | Barcode | Date due | Date last seen | Date last checked out | Copy number | Price effective from | Koha item type |
|---|---|---|---|---|---|---|---|---|---|---|---|---|---|---|---|---|---|---|
| IMTN | IMTN | Rack 40-B | 07/06/2011 | BWE | 12.95 | 8 | 823 FOR | 17366 | 01/22/2026 | 01/12/2026 | 01/12/2026 | 47.3 | 06/24/2024 | Books |